Central Library OPAC University of Rajshahi

The teacher's book of nature study / (Record no. 11363)

MARC details
000 -LEADER
fixed length control field 00724nam a22002292i 4500
001 - CONTROL NUMBER
control field 11363
003 - CONTROL NUMBER IDENTIFIER
rucl marc code BD-RjUL
005 - DATE AND TIME OF LATEST TRANSACTION
control field 20211208235119.0
008 - FIXED-LENGTH DATA ELEMENTS--GENERAL INFORMATION
fixed length control field 140126s1958 xxk 001 0 eng d
035 ## - SYSTEM CONTROL NUMBER
System control number (BD-RjUL)11412
040 ## - CATALOGING SOURCE
Original cataloging agency UKM
Transcribing agency UKM
Modifying agency EQO
-- BD-RjUL
Language of cataloging eng
041 ## - LANGUAGE CODE
Language code of text/sound track or separate title eng
082 ## - DEWEY DECIMAL CLASSIFICATION NUMBER
Classification number 574.974
Edition number 18
Author mark and year FIT 1962
100 1# - MAIN ENTRY--PERSONAL NAME
Personal name Fisher, Gilbert Dempster.
9 (RLIN) 35126
245 14 - TITLE STATEMENT
Title The teacher's book of nature study /
Statement of responsibility, etc. with three lessons on the sea-shore written and illustrated by John Smyth
260 ## - PUBLICATION, DISTRIBUTION, ETC. (IMPRINT)
Place of publication, distribution, etc. Chambers :
Name of publisher, distributor, etc. W. & R. Cha. Ltd. ,
Date of publication, distribution, etc. c1958 [3rd. imp. 1962].
300 ## - PHYSICAL DESCRIPTION
Pagination viii, 328 p. :
Illustrations ill. ;
Size 21 cm
504 ## - BIBLIOGRAPHY, ETC. NOTE
Bibliography, etc Includes index.
650 ## - SUBJECT ADDED ENTRY--TOPICAL TERM
Topical term or geographic name as entry element Nature study.
9 (RLIN) 35127
942 ## - ADDED ENTRY ELEMENTS (KOHA)
Source of classification or shelving scheme Dewey Decimal Classification
Koha item type Books
Holdings
Lost status Source of classification or shelving scheme Damaged status Not for loan Collection code Permanent Location Current Location Shelving location Date acquired Source of acquisition Cost, normal purchase price Total Checkouts Full call number Date last seen Copy number Koha item type
  Dewey Decimal Classification   Not For Loan Non-fiction Central Library, University of Rajshahi Central Library, University of Rajshahi Reading Room 10/11/1963 Euro - Pok. 28.44   574.974 FIT 1962 26/01/2014 C-1 Books